00564nam a2200181Ia 450000500170000000800410001708200130005824500810007126000440015230000190019665000110021565000120022665000140023870000210025294200060027395200900027999900130036920240722055009.0240331s9999 xx 000 0 und d a247bTRA 0aTranscending boundaries :bperspective on faith social action and socidarity aMaharashtrabVikas Adhyan Kendrac1995  a iv, 347 p .,  aSocial aSociety aPolitical aSail, R.K. eedt cL 001040708LaWERCLbWERCLcSSCd2024-03-31l0o247p4755r2024-03-31w2024-03-31yL c824d824